00522nam a2200181Ia 4500003000900000008004100009040001600050080001700066100001900083245009600102260002600198300001300224490003900237650001400276650001900290650002100309650001000330IN-BaIIA211028s9999 xx 000 0 eng d cIIA Library a539.124bCON aConn, G. K. T. 4aThe wave nature of the electroncG. K. T. Conn  aLondonbBlackiec1946 avi, 78p. aBlackie's tracts on recent physics aElectrons aNASA Thesaurus aParticle Physics aWaves